Colective identity and activism: Networks. Choices, and the life of a social movement /
En el capítulo se explora la posible intersección de la posición estructuralista y la teoría de la elección racional para explicar los movimientos sociales, enfatizando la identidad colectiva como vía de participación individual para la conformación de los movimientos sociales.
Uloženo v:
| Hlavní autor: | |
|---|---|
| Další autoři: | |
| Médium: | Text |
| Témata: | |
| Tagy: |
Přidat tag
Žádné tagy, Buďte první, kdo vytvoří štítek k tomuto záznamu!
|
MARC
| LEADER | 00000 a a2200000 04500 | ||
|---|---|---|---|
| 001 | 40008 | ||
| 003 | |||
| 040 | |||
| 100 | |a Friedman, Debra | ||
| 245 | |a Colective identity and activism: |b Networks. Choices, and the life of a social movement / |c Debra Friedman | ||
| 500 | |a Colección Cambio Social donado por Paul Almeida | ||
| 520 | |a En el capítulo se explora la posible intersección de la posición estructuralista y la teoría de la elección racional para explicar los movimientos sociales, enfatizando la identidad colectiva como vía de participación individual para la conformación de los movimientos sociales. | ||
| 590 | |a RRA/AGOSTO2010 | ||
| 650 | |a IDENTIDAD SOCIAL | ||
| 650 | |a MOVIMIENTOS SOCIALES | ||
| 650 | |a TEORIA | ||
| 650 | |a COMPORTAMIENTO SOCIAL | ||
| 700 | |a McAdam, Doug | ||
| 773 | |g páginas 156-173 | ||
| 999 | |c 24281 |d 24281 | ||
